Culture Générale - Série 988 - Statistiques

Statistiques générales
  • Ce quiz a été pris 112 fois
  • Le résultat moyen est 5 sur 10
Statistiques - réponses
Question Réponse % Correct
Quel prénom est commun aux chanteurs Bieber et Timberlake ? Justin
94%
Quel trio d'humoristes chante en 1991 "Auteuil Neuilly Passy, tel est notre ghetto" ? Les Inconnus
92%
Dans quelle série télévisée Patrick Jane résout-il des enquêtes policières, grâce à ses dons de psychologie et d'observation ? Mentalist
70%
Quel mot, dérivé du verbe "grouiller", désigne un apprenti chargé de faire de petites besognes ? grouillot
47%
Quel écrivain et animateur de télévision a publié en 2009 le tome 3 de ses "Dossiers extraordinaires" ? Pierre Bellemare
45%
Quel duo comique est composé de Nicole Avezard et Dominique de Lacoste ? Les Vamps
44%
Pour exprimer le fait qu'il peut y avoir un long chemin entre un projet et sa réalisation, l'expression dit : "il y a loin de la coupe aux... lèvres
36%
Quelle course, créée en 1843 à Chantilly, récompense la meilleure pouliche de 3 ans ? Le Prix de Diane
21%
Quelle série célèbre composée de 8 tomes a écrit Roger Martin du Gard, racontant l'histoire d'une famille dans les années 1900 ? Les Thibault
19%
Comment appelle-t-on un spécialiste de la politique intérieure chinoise ? pékinologue
2%
Aucun quiz correspondant
Distribution des résultats
% des personnes avec chaque résultat
Percentile par nombre de réponses
Votre historique - résultats
Vous n’avez pas pris ce quiz